|
|
|
|
| LEADER |
01004nam a2200277 a 4500 |
| 001 |
912145 |
| 008 |
100124s1980 enk b 001 0 eng d |
| 010 |
|
|
|a 81473675
|
| 020 |
|
|
|a 0091389402
|
| 020 |
|
|
|a 0091389410 (pbk.)
|
| 040 |
|
|
|a DLC
|c DLC
|d DLC
|d DB-DhAAL
|
| 082 |
0 |
0 |
|a 301/.01
|2 19
|
| 100 |
1 |
|
|a Held, David.
|
| 245 |
1 |
0 |
|a Introduction to critical theory :
|b Horkheimer to Habermas /
|c David Held.
|
| 260 |
|
|
|a London :
|b Hutchinson,
|c 1980.
|
| 300 |
|
|
|a 511 p. ;
|c 23 cm.
|
| 504 |
|
|
|a Includes bibliography: (p. [483]-499) and index.
|
| 541 |
1 |
|
|e 00000176
|
| 650 |
|
0 |
|a Frankfurt school of sociology.
|
| 650 |
|
0 |
|a Critical theory.
|
| 650 |
|
0 |
|a Social institutions.
|
| 600 |
1 |
0 |
|a Habermas, Jürgen.
|
| 600 |
1 |
0 |
|a Horkheimer, Max,
|d 1895-1973.
|
| 852 |
4 |
|
|a Ayesha Abed Library
|j General Shelf.
|
| 999 |
|
|
|c 7131
|d 7131
|
| 952 |
|
|
|0 0
|1 0
|2 ddc
|4 0
|6 301_010000000000000_HEL_1980
|7 0
|9 7406
|a BRACUL
|b BRACUL
|c GEN
|d 2010-01-24
|g 1534.50
|l 1
|m 5
|o 301.01 HEL
|p 3010000176
|r 2023-05-27
|s 2023-04-05
|t 1
|w 2010-01-24
|y BK
|